000 00539nam a2200169 a 4500
005 20150105115358.0
008 140124b2005 ck ||||| |||| 00| 0 spa d
040 _cCO-BoIH
041 _aspa
090 _aIAVH
_b00476
100 _aCamacho Rojas, Adisedit
_92021
245 _aElementos para el conocimiento, conservación y uso sostenible de los recursos forestales en Colombia
_bdocumento final preliminar
260 _aBogotá
_bInstituto Alexander von Humboldt
_c2005
300 _a28 p.
942 _cINFORME
_2z
945 _d2005-12-05
999 _c4935
_d4935